| 000 | 00464nam a22001577a 4500 | ||
|---|---|---|---|
| 020 | _qHBK. | ||
| 082 | _a510 | ||
| 100 | _aAkbar, Mehwish | ||
| 245 |
_aIntegral Inequalities of Gronwall Type _cMehwish Akbar. |
||
| 260 |
_aIslamabad: _bSNS -NUST, _c2014. |
||
| 300 |
_a70 p. : ill. ; _c30cm. |
||
| 650 |
_aMathematics - M. Phil Thesis. _916594 |
||
| 700 |
_aDr. Matloob Anwar. _916499 |
||
| 942 |
_2ddc _cTHE |
||
| 999 |
_c527485 _d527485 |
||